Statystyki dla ZWIERZĘTA na literę C

Kliknij tutaj aby rozwiązać quiz!

Ogólne statystyki

  • Ten quiz został rozwiązany 66 razy
  • Średni wynik to 4 z 10

Statystyki odpowiedzi

Odpowiedź% Poprawnych
Czapla siwa
91%
Chomik syryjski
88%
Chrabąszcz majowy
55%
Czajka zwyczajna
46%
Cietrzew zwyczajny
38%
Cykada wieloletnia
36%
Czyż zwyczajny
25%
Cyranka zwyczajna
20%
Cyjon rudy
13%
Czernica
9%

Rozkład punktacji

Percentyl według liczby udzielonych odpowiedzi

Procent ludzi z każdym wynikiem

Twoja historia wyników

Nie rozwiązałeś tego quizu